Los miserables /

Guardado en:
Autor Principal: Victor Hugo
Formato: Libro
Publicado: Buenos Aires : La Estacion, 2012.
Series:Narrativa Francesa.
Materias:
Etiquetas: Agregar Etiqueta
Sin Etiquetas, Sea el primero en etiquetar este registro!
LEADER 00530nam a22001815a 4500
001 CEM.cems018683
005 20190408082219.0
008 130507s2012##################000#0#####d
003 CEMS
020 |a 9789871935178 
082 0 4 |a 843.7 
100 1 |a Victor Hugo 
245 1 0 |a Los miserables /  |c Victor Hugo. 
260 |a Buenos Aires :  |b La Estacion,  |c 2012. 
300 |a 175p. ; 20cm. 
490 0 |a Narrativa Francesa. 
653 |a Literatura juvenil / literatura francesa. 
859 |a CEMS  |b BIB. CEMS - Agricultura  |h 843.7  |i H847  |p A3130.18  |t Ej.1